Bureaucracy: ethical perspectives (Record no. 58718)

000 -LEADER
fixed length control field 00983pab a2200169 454500
008 - FIXED-LENGTH DATA ELEMENTS--GENERAL INFORMATION
fixed length control field 180718b2003 xxu||||| |||| 00| 0 eng d
100 ## - MAIN ENTRY--PERSONAL NAME
Personal name Sen, Shekhar
245 ## - TITLE STATEMENT
Title Bureaucracy: ethical perspectives
260 ## - PUBLICATION, DISTRIBUTION, ETC.
Date of publication, distribution, etc. 2003
300 ## - PHYSICAL DESCRIPTION
Extent p.117-30.
362 ## - DATES OF PUBLICATION AND/OR SEQUENTIAL DESIGNATION
Dates of publication and/or sequential designation Dec
520 ## - SUMMARY, ETC.
Summary, etc. The LBS National Academy of Administration, Government of India, had invited the authors to present before 30 officers of the Indian Administrative Service their views regarding the role of ethics in public administration as part of a five-day training programme on the subject. The participants' experience ranged from 12 to 31 years. The paper seeks to bring home to administrators that for carrying out the responsibilities that the Constitution of India has entrusted to the civil services there is no option but to subscribe to a sound ethical framework of reference. - Reproduced.
650 ## - SUBJECT ADDED ENTRY--TOPICAL TERM
Topical term or geographic name entry element Bureaucracy
700 ## - ADDED ENTRY--PERSONAL NAME
Personal name Bhattacharya, Pradip
773 ## - HOST ITEM ENTRY
Main entry heading Journal of Human Values
909 ## -
-- 58718
Holdings
Withdrawn status Lost status Damaged status Not for loan Permanent Location Current Location Date acquired Serial Enumeration / chronology Barcode Date last seen Price effective from Koha item type
        Indian Institute of Public Administration Indian Institute of Public Administration 2018-07-19 Volume no: 9, Issue no: 2 AR59163 2018-07-19 2018-07-19 Articles

Powered by Koha